000 006170000a22001810004500
003 MACL
005 20160403140409.0
008 160403b xxu||||| |||| 00| 0 eng d
040 _aMACL
_cMACL
041 _aHindi
082 _a320
100 _aबिपन चंद्र
_949060
245 _aसांप्रदायिकता एक अध्‍ययन
260 _bअनामिका पब्लिशर्स एण्‍ड डिस्‍ट्रीब्‍यूटर्स
_c2004
_aदिल्‍ली
350 _a160
650 _aPolitical Sci.
_950281
942 _cHIN
_k320
_2ddc
999 _c19002
_d19002